<?xml version="1.0" encoding="UTF-8"?>
<record
    xmlns:xsi="http://www.w3.org/2001/XMLSchema-instance"
    xsi:schemaLocation="http://www.loc.gov/MARC21/slim http://www.loc.gov/standards/marcxml/schema/MARC21slim.xsd"
    xmlns="http://www.loc.gov/MARC21/slim">

  <leader>00436nam a22001697a 4500</leader>
  <datafield tag="999" ind1=" " ind2=" ">
    <subfield code="c">644</subfield>
    <subfield code="d">644</subfield>
  </datafield>
  <controlfield tag="005">20210902102718.0</controlfield>
  <controlfield tag="008">160512b        xxu||||| |||| 00| 0 eng d</controlfield>
  <datafield tag="020" ind1=" " ind2=" ">
    <subfield code="a">81-8054-110-X</subfield>
  </datafield>
  <datafield tag="041" ind1=" " ind2=" ">
    <subfield code="a">eng</subfield>
  </datafield>
  <datafield tag="082" ind1=" " ind2=" ">
    <subfield code="b">1642</subfield>
    <subfield code="a">657.046</subfield>
  </datafield>
  <datafield tag="100" ind1=" " ind2=" ">
    <subfield code="a">Gupta, R.L. Radhrwamy M.</subfield>
    <subfield code="9">505</subfield>
  </datafield>
  <datafield tag="245" ind1=" " ind2=" ">
    <subfield code="a">Advanced Accountancy (Vol-I)</subfield>
  </datafield>
  <datafield tag="260" ind1=" " ind2=" ">
    <subfield code="a">New Delhi</subfield>
    <subfield code="b">Sultan Chand &amp; Sons. </subfield>
    <subfield code="c">1972</subfield>
  </datafield>
  <datafield tag="300" ind1=" " ind2=" ">
    <subfield code="a">am III 55</subfield>
  </datafield>
  <datafield tag="650" ind1=" " ind2=" ">
    <subfield code="a">Management</subfield>
    <subfield code="9">241</subfield>
  </datafield>
  <datafield tag="942" ind1=" " ind2=" ">
    <subfield code="c">BK</subfield>
  </datafield>
  <datafield tag="952" ind1=" " ind2=" ">
    <subfield code="0">0</subfield>
    <subfield code="1">0</subfield>
    <subfield code="4">0</subfield>
    <subfield code="7">0</subfield>
    <subfield code="8">LAW</subfield>
    <subfield code="a">JRU</subfield>
    <subfield code="b">MAIN</subfield>
    <subfield code="c">SHELF-32-A</subfield>
    <subfield code="d">2016-05-12</subfield>
    <subfield code="g">365.00</subfield>
    <subfield code="l">0</subfield>
    <subfield code="o">657.046</subfield>
    <subfield code="p">1642</subfield>
    <subfield code="r">2016-05-12 00:00:00</subfield>
    <subfield code="w">2016-05-12</subfield>
    <subfield code="y">BK</subfield>
  </datafield>
  <datafield tag="952" ind1=" " ind2=" ">
    <subfield code="0">0</subfield>
    <subfield code="1">0</subfield>
    <subfield code="4">0</subfield>
    <subfield code="7">0</subfield>
    <subfield code="8">LAW</subfield>
    <subfield code="a">JRU</subfield>
    <subfield code="b">MAIN</subfield>
    <subfield code="c">SHELF-32-A</subfield>
    <subfield code="d">2016-05-12</subfield>
    <subfield code="g">365.00</subfield>
    <subfield code="l">0</subfield>
    <subfield code="o">657.046</subfield>
    <subfield code="p">1643</subfield>
    <subfield code="r">2016-05-12 00:00:00</subfield>
    <subfield code="w">2016-05-12</subfield>
    <subfield code="y">BK</subfield>
  </datafield>
  <datafield tag="952" ind1=" " ind2=" ">
    <subfield code="0">0</subfield>
    <subfield code="1">0</subfield>
    <subfield code="4">0</subfield>
    <subfield code="7">0</subfield>
    <subfield code="8">MANAGEMENT</subfield>
    <subfield code="a">JRU</subfield>
    <subfield code="b">JRU</subfield>
    <subfield code="c">SHELF-70 K</subfield>
    <subfield code="d">2016-05-12</subfield>
    <subfield code="g">365.00</subfield>
    <subfield code="l">0</subfield>
    <subfield code="o">657.046</subfield>
    <subfield code="p">1644</subfield>
    <subfield code="r">2016-05-12 00:00:00</subfield>
    <subfield code="w">2016-05-12</subfield>
    <subfield code="y">BK</subfield>
  </datafield>
  <datafield tag="952" ind1=" " ind2=" ">
    <subfield code="0">0</subfield>
    <subfield code="1">0</subfield>
    <subfield code="4">0</subfield>
    <subfield code="7">0</subfield>
    <subfield code="8">LAW</subfield>
    <subfield code="a">JRU</subfield>
    <subfield code="b">MAIN</subfield>
    <subfield code="c">SHELF-32-A</subfield>
    <subfield code="d">2016-05-12</subfield>
    <subfield code="g">365.00</subfield>
    <subfield code="l">0</subfield>
    <subfield code="o">657.046</subfield>
    <subfield code="p">1645</subfield>
    <subfield code="r">2019-10-23 00:00:00</subfield>
    <subfield code="w">2016-05-12</subfield>
    <subfield code="y">BK</subfield>
  </datafield>
  <datafield tag="952" ind1=" " ind2=" ">
    <subfield code="0">0</subfield>
    <subfield code="1">0</subfield>
    <subfield code="4">0</subfield>
    <subfield code="7">0</subfield>
    <subfield code="8">LAW</subfield>
    <subfield code="a">JRU</subfield>
    <subfield code="b">MAIN</subfield>
    <subfield code="c">SHELF-32-A</subfield>
    <subfield code="d">2016-05-12</subfield>
    <subfield code="g">365.00</subfield>
    <subfield code="l">0</subfield>
    <subfield code="o">657.046</subfield>
    <subfield code="p">1646</subfield>
    <subfield code="r">2019-10-15 00:00:00</subfield>
    <subfield code="w">2016-05-12</subfield>
    <subfield code="y">BK</subfield>
  </datafield>
  <datafield tag="952" ind1=" " ind2=" ">
    <subfield code="0">0</subfield>
    <subfield code="1">0</subfield>
    <subfield code="4">0</subfield>
    <subfield code="7">0</subfield>
    <subfield code="8">REF</subfield>
    <subfield code="a">JRU</subfield>
    <subfield code="b">JRU</subfield>
    <subfield code="c">SHELF-1-E</subfield>
    <subfield code="d">2016-05-12</subfield>
    <subfield code="e">PURCHASE</subfield>
    <subfield code="g">365.00</subfield>
    <subfield code="l">0</subfield>
    <subfield code="o">657.046</subfield>
    <subfield code="p">1647</subfield>
    <subfield code="r">2017-06-09 00:00:00</subfield>
    <subfield code="w">2016-05-12</subfield>
    <subfield code="y">BK</subfield>
  </datafield>
</record>
